| 000 | 01524nam a22002537a 4500 | ||
|---|---|---|---|
| 008 | 241223t2024 xxk|||||o|||| 00| 0 eng d | ||
| 041 | _aeng | ||
| 110 | _aRoyal Institution of Chartered Surveyors | ||
| 245 |
_aRICS Position Paper on Prudently Conservative Valuation Criteria in the Context of CRR Implementation in Europe _h[Electronic resource] |
||
| 260 |
_aLondon, _bRoyal Institution of Chartered Surveyors, _cDecember 2024 |
||
| 300 | _a6p. | ||
| 490 | _aRICS Information Paper | ||
| 520 | _aDeveloped by the developed by the expert members of the European Prudent Value Working Group this RICS position paper on prudently conservative valuation criteria in the context of the Capital Requirements Regulation III (CRR) implementation in Europe. This critical document addresses the challenges and opportunities posed by the introduction of these criteria under Basel 3.1 standards, set to take effect on January 1, 2025. | ||
| 650 | _aBASEL III | ||
| 650 | _aCAPITAL REQUIREMENTS REGULATION | ||
| 650 | _aPRUDENT VALUATION | ||
| 650 | _aVALUATION | ||
| 651 | _aEurope | ||
| 690 |
_aValuation _96273 |
||
| 710 | _aRoyal Institution of Chartered Surveyors | ||
| 856 |
_uhttps://www.rics.org/news-insights/rics-releases-position-paper-prudently-conservative-valuation-criteria-crr-iii-implementation _zPress release |
||
| 856 |
_uhttps://www.rics.org/content/dam/ricsglobal/documents/latest-news/RICS-Position-Paper-on-the-implementation-of-CRR-in-Europe.pdf _zFull paper free on RICS.org |
||
| 942 | _n0 | ||
| 999 |
_c122075 _d122075 |
||